Представление документа в формате MARC21

Поле Инд. ПП Название Значение
Тип записи a
Библиографический уровень m
001 Контрольный номер RU/LIBMSTU/256229783
005 Дата корректировки 20200408115239.4
020 00 a ISBN 5-691-01258-4
c Цена, тираж 163-00
020 00 a ISBN 5-691-01259-2 (кн.1)
084 a Индекс другой классификации/Индекс ББК 63.3(2)6
090 00 a Полочн. индекс 63.3(2)6
x Авторский знак Н 72
245 00 a Заглавие Новейшая отечественная история. ХХ век
n Номер части/ раздела Кн. 1
b Продолж. заглавия учебник для вузов. В 2 кн.
c Ответственность [Э. М. Щагин и др.] ; под ред. Э. М. Щагина, А. В. Лубкова
260 00 a Место издания Москва
b Издательство Владос
c Дата издания 2004
300 00 a Объем 447 с.
440 00 a Серия Университетское образование
650 _4 a Основная рубрика Россия-История, 20 в.-Учебные издания для высших учебных заведений
650 14 a Основная рубрика Российская Федерация-История-Учебные издания для высших учебных заведений
650 14 a Основная рубрика СССР-История-Учебные издания для высших учебных заведений
653 00 a Ключевые слова Гражданская война в России 1918-1920 гг.
a Ключевые слова История России 20 в.
a Ключевые слова Новая экономическая политика
a Ключевые слова НЭП
a Ключевые слова Первая мировая война 1914-1918 гг.
a Ключевые слова Русские революции
a Ключевые слова Самодержавие
952 b Гриф литературы для ВШ Допущено МО РФ
c Вид литературы учебник
990 00 f Даты поступлений (DOS) 05.05